000 00959pam a2200301 i 4500
999 _c2931
_d2931
001 019220450
003 Uk
005 20230912145219.0
008 190118s2019 enk |0|0|0|eng d
015 _aGBB914154
_2bnb
016 7 _a019220450
_2Uk
020 _a9780571354351
_qpaperback
040 _aStDuBDS
_beng
_cStDuBDS
_dUk
_dKH8
_erda
042 _aukblsr
082 0 4 _a822.92 DON
_223
100 1 _aDonnelly, John
_c(Dramatist),
_eauthor.
245 1 0 _aTartuffe, the imposter /
_cin a new version by John Donnelly ; from a literal translation by Guillaume Pigé.
264 1 _aLondon :
_bFaber & Faber,
_c2019.
300 _a115 pages ;
_c20 cm.
336 _atext
_2rdacontent
337 _aunmediated
_2rdamedia
338 _avolume
_2rdacarrier
500 _aAt head of title: Molière.
700 1 _aPigé, Guillaume,
_etranslator.
700 1 _aMolière,
_d1622-1673.
_tTartuffe.
776 0 8 _iebook version :
_z9780571354368
942 _2ddc
_cTR